Ak günlere (Record no. 7705)

MARC details
000 -BAŞLIK
Sabit Uzunlukta Kontrol Alanı 01588na a2200421 4500
001 - KONTROL NUMARASI
Denetim Alanı 20566
003 - KONTROL NUMARASI IDENTIFIER
Denetim Alanı MIRAKIL
005 - SON İŞLEM TARİHİ VE ZAMANI
Denetim Alanı 20181213155147.0
008 - SABİT-BOY VERİ ELEMANLARI - GENEL BİLGİLER
Sabit Uzunlukta Kontrol Alanı 170124b tu 000 0
035 ## - SİSTEM KONTROL NUMARASI
Sistem Kontrol Numarası 20566
040 ## - KATALOGLAMA KAYNAK
Orijinal Kataloglama Ajansı Milas
Kataloglama Dili tur
Metne Dönüştürmek Ajansı TR-AnCHP
041 ## - DİL KODU
Metin / Ses Parça Veya Ayrı Başlığın Dil Kodu tur
082 ## - DEWEY ONLU SINIFLANDIRMA NUMARASI
Sınıflandırma Numarası CHP 324.23072
Ürün Numarası C36s 1973
090 ## - SINIFLAMA NUMARASI
Sınıflama Numarası BROŞÜR 344
110 ## - ANA GİRİŞ - KURUMSAL ADI
Giriş Elemanı Olarak Kurumsal Ad Veya Yargı Alanı Adı Cumhuriyet Halk Partisi (CHP)
222 ## - ANAHTAR ADI
Anahtar Başlık Seçim bildirgeleri
245 ## - BAŞLIK TABLOSU
Başlık Ak günlere
Başlığın Kalan CHP 1973 seçim bildirgesi özeti
Sorumluluk Tablosu, Vb CHP
246 ## - UNVAN FORM VARYING
Başlık Doğru / Kısa Başlığı 1973 seçim bildirgesi
246 ## - UNVAN FORM VARYING
Başlık Doğru / Kısa Başlığı CHP 1973 seçim bildirgesi özeti
260 ## - YAYIN, DAĞITIM, VB
Yayın, Dağıtım, Vb Yeri Ankara
Yayıncı, Dağıtıcı, Vs Adı CHP
Yayın, Dağıtım, Vb Tarihi 1973
Üretici Firma Halçkı Gazetecilik ve Matbaacılık
300 ## - FİZİKSEL TANIM
Kapsam 15 s.
Boyutlar 29 sm.
440 ## - SERİSİ TABLOSU / KATMA GİRİŞİ - BAŞLIK
Başlık Cumhuriyet Halk Partisi yayınları
Bir İşin Parçası / Bölümün İsmi Bildirgeler
500 ## - GENEL NOT
Genel Not Fotokopidir. Kütüphaneciden çevrimdışı versiyonu sağlanabilir.
500 ## - GENEL NOT
Genel Not Bu broşür, CHP 1973 Seçim Bildirgesinin resmi özetidir.
610 ## - KONU KATMA GİRİŞ - TOPLANTI ADI
Giriş Elemanı Olarak Kurumsal Ad Veya Yargı Alanı Adı Cumhuriyet Halk Partisi (CHP)
Genel Alt Bölüm Seçim kampanyaları, 1973
Kronolojik Alt Bölüm Seçim bildirgeleri
610 ## - KONU KATMA GİRİŞ - TOPLANTI ADI
Giriş Elemanı Olarak Kurumsal Ad Veya Yargı Alanı Adı Cumhuriyet Halk Partisi (CHP)
Genel Alt Bölüm Seçim bildirgeleri, 1973
Kronolojik Alt Bölüm Özet bilgiler
610 ## - KONU KATMA GİRİŞ - TOPLANTI ADI
Giriş Elemanı Olarak Kurumsal Ad Veya Yargı Alanı Adı Cumhuriyet Halk Partisi (CHP)
Genel Alt Bölüm Propaganda ve ideolojiler
Kronolojik Alt Bölüm Bildirgeler
650 ## - KONU KATMA GİRİŞ - TOPİKAL DÖNEM
Topikal Süreli Veya Coğrafi Ad Giriş Elemanı Siyasal partiler
Genel Alt Bölümü Propaganda ve ideolojiler
Kronolojik Alt Bölümü Bildirgeler
651 ## - KONU KATMA GİRİŞ - COĞRAFİ ADI
Coğrafi İsim Türkiye
Genel Alt Bölümü Siyaset ve yönetim
Kronolojik Alt Bölümü 1970-1980
740 ## - KATMA GİRİŞ - KONTROLSUZ İLGİLİ / ANALİTİK BAŞLIK
Kontrol Edilmeyen / İlgili Analitik Başlıktaki CHP 1973 seçim bildirgesi
740 ## - KATMA GİRİŞ - KONTROLSUZ İLGİLİ / ANALİTİK BAŞLIK
Kontrol Edilmeyen / İlgili Analitik Başlıktaki CHP 1973 seçim bildirgesi özeti
830 ## - SERİSİ EKLENDİ GİRİŞ - ÜNİFORM ADI
Üniforma Başlık CHP bildirgeleri
942 ## - EKLENDİ GİRİŞ ELEMANLARI (KOHA)
Sınıflandırma Veya Raf Düzeni Kaynak Dewey Decimal Classification
Koha Öğesi Türü Books
999 ## - SİSTEM KONTROL NUMARALARI (KOHA)
Koha Biblionumber 7705
Koha Biblioitemnumber 7705
657 ## - INDEX SÜRE - İŞLEVİ
-- CHP seçim bildirgesi
657 ## - INDEX SÜRE - İŞLEVİ
-- CHP seçim bildirgeleri
657 ## - INDEX SÜRE - İŞLEVİ
-- 1973 genel seçimleri
Holdings
Kullanım Kısıtlamaları Kalıcı Konum Mevcut Konum Edinme Tarihi Edinim Kaynak Kodlu Konum Eleme Toplam Check-Out'Lar Tam Çağrı Numarası Barkod Tarih Son Görülme İtibaren Geçerli Fiyatlar Sigara Kamu Notu Koha Öğesi Türü
Kütüphane dışına çıkarılamaz CHP Kütüphanesi CHP Kütüphanesi 01/24/2017 Bağış BROŞÜRLER   BROŞÜR 344 011761 01/24/2017 01/24/2017 Fotokopi Visual Material